01260nam a2200325Ia 4500001001200000003000800012006001900020007001500039008004100054010001700095020001800112020002600130040002100156035002100177050002500198245010300223260004200326300003300368490003000401504004100431533015200472650003400624650001700658655002900675700002200704710001600726710001700742830004900759856012600808ebr10635175CaPaEBRm u cr cn|||||||||121017s2013 dcuab sb 000 0 eng d z 2012042473 z9780821397749 z9780821397756 (ebook) aCaPaEBRcCaPaEBR a(OCoLC)81369154814aRA643.8b.G56 2013eb04aThe global HIV epidemics among sex workersh[electronic resource] /cDeanna Kerrigan ... [et al.]. aWashington, DC :bWorld Bank,cc2013. axxxvi, 305 p. :bill., maps.1 aDirections in development aIncludes bibliographical references. aElectronic reproduction.bPalo Alto, Calif. :cebrary,d2013.nAvailable via World Wide Web.nAccess may be limited to ebrary affiliated libraries. 0aHIV infectionsxEpidemiology. 0aProstitutes. 7aElectronic books.2local1 aKerrigan, Deanna.2 aWorld Bank.2 aebrary, Inc. 0aDirections in development (Washington, D.C.)40uhttp://site.ebrary.com/lib/rucke/Doc?id=10635175zAn electronic book accessible through the World Wide Web; click to view